Central Library OPAC University of Rajshahi

British cultural identities / (Record no. 63793)

MARC details
000 -LEADER
fixed length control field 00868nam a2200277 a 4500
001 - CONTROL NUMBER
control field 63793
003 - CONTROL NUMBER IDENTIFIER
rucl marc code BD-RjUL
005 - DATE AND TIME OF LATEST TRANSACTION
control field 20211209081232.0
008 - FIXED-LENGTH DATA ELEMENTS--GENERAL INFORMATION
fixed length control field 170204r1998 enka|||| |||| 001 0 eng d
020 ## - INTERNATIONAL STANDARD BOOK NUMBER
International Standard Book Number 0415136989 (hbk)
International Standard Book Number 0415136997 (pbk)
035 ## - SYSTEM CONTROL NUMBER
System control number (BD-RjUL)63923
040 ## - CATALOGING SOURCE
Original cataloging agency BD-RjUL
Language of cataloging eng
Transcribing agency BD-RjUL
041 ## - LANGUAGE CODE
Language code of text/sound track or separate title eng
082 ## - DEWEY DECIMAL CLASSIFICATION NUMBER
Edition number 23
Classification number 941.086
Author mark and year BRI 1998
245 ## - TITLE STATEMENT
Title British cultural identities /
Statement of responsibility, etc. Mike Storry; Peter Childs
250 ## - EDITION STATEMENT
Edition statement 1st ed.
260 ## - PUBLICATION, DISTRIBUTION, ETC. (IMPRINT)
Place of publication, distribution, etc. London :
Name of publisher, distributor, etc. Routledge,
Date of publication, distribution, etc. c1997 [reprinted 1998]
300 ## - PHYSICAL DESCRIPTION
Pagination xxii, 350 p. :
Illustrations ill. ;
Size 21 cm.
500 ## - GENERAL NOTE
General note Includes index
650 ## - SUBJECT ADDED ENTRY--TOPICAL TERM
Topical term or geographic name as entry element Popular culture
General subdivision History
Chronological subdivision 20th century
Geographic subdivision Great Britain
9 (RLIN) 189364
651 ## - SUBJECT ADDED ENTRY--GEOGRAPHIC NAME
Geographic name Great Britain
General subdivision Social life and customs
Chronological subdivision 20th century
9 (RLIN) 189365
700 ## - ADDED ENTRY--PERSONAL NAME
Personal name Storry, Mike
Personal name Childs, Peter
942 ## - ADDED ENTRY ELEMENTS (KOHA)
Source of classification or shelving scheme Dewey Decimal Classification
Koha item type Books
Holdings
Lost status Source of classification or shelving scheme Damaged status Not for loan Collection code Permanent Location Current Location Shelving location Date acquired Source of acquisition Cost, normal purchase price Total Checkouts Full call number Date last seen Copy number Koha item type
  Dewey Decimal Classification   Not For Loan Non-fiction Central Library, University of Rajshahi Central Library, University of Rajshahi Reading Room 28/12/1999 Dhaka, Paragon Enterprises 977.19   941.086 BRI 1998 04/02/2017 C-1 Books